Historia literatury polskiej ; alegoryzm-preromantyzm.

Bibliographic Details
Main Author: Krzyżanowski, Julian, 1892-1976
Format: Book
Language:Polish
Published: Warszawa] : Państwowy Instytut Wydawniczy, [1964]
Edition:[Wyd. 2.
Subjects:

MARC

Tag First Indicator Second Indicator Subfields
LEADER 00000cam a2200000I 4500
001 in00001752829
005 20151025065516.0
008 820928s1964 pl ach b 000 0 pol
010 |a  65051299  
035 |a (OCoLC)ocm08812908 
040 |a DLC  |c VA@  |d TXA  |d UtOrBLW 
049 |a TXAM 
050 0 |a PG7012  |b .K78 1964 
100 1 |a Krzyżanowski, Julian,  |d 1892-1976. 
245 1 0 |a Historia literatury polskiej ;  |b alegoryzm-preromantyzm. 
250 |a [Wyd. 2. 
264 1 |a Warszawa] :  |b Państwowy Instytut Wydawniczy,  |c [1964] 
300 |a 654 pages :  |b illustrations, facsimiles, portraits ;  |c 25 cm. 
336 |a text  |b txt  |2 rdacontent 
337 |a unmediated  |b n  |2 rdamedia 
338 |a volume  |b nc  |2 rdacarrier 
500 |a Errata slip inserted. 
504 |a Bibliography: pages [549]-601. 
650 0 |a Polish literature  |x History and criticism. 
948 |a cataloged  |b h  |c 2003/5/21  |d c  |e spoltoratski  |f 11:43:56 am 
994 |a E0  |b TXA 
999 |a MARS 
999 f f |s 568deaf4-a0c6-367c-bd94-2168cf4de2f4  |i f0b90c7b-8fbe-3c79-8eab-04be1459cd1c  |t 0 
952 f f |p ric  |a Texas A&M University  |b Rellis Campus  |c Joint Library Facility  |d Remote Storage  |t 0  |e PG7012 .K78 1964  |h Library of Congress classification  |i unmediated -- volume  |m A14830070642 
998 f f |a PG7012 .K78 1964  |t 0  |l Remote Storage